000 00655nam a2200265Ia 4500
005 20260121165032.0
008 008 260114s9999 xx 000 0 eng d
020 _a9781137531575
037 _aEBOOK
040 _aCRL
040 _beng
040 _cCRL
041 _2eng
041 _aeng
084 _qCRL
100 _aJustine Guichard
_91046739
245 0 _aRegime Transition and the Judicial Politics of Enmity
260 _bSpringer
260 _bSpringer
260 _c2016
856 _uhttps://link.springer.com/openurl?genre=book&isbn=978-1-137-53157-5
942 _cEBOOK
999 _c1612464
_d1612464